000 00662nam a2200217 i 4500
001 37349
003 ES-MaACL
005 20230906155545.0
007 t|
008 030220s1957 sp ||||1| spa d
100 1 _aAlexander, Robert William.
_919777
245 1 0 _aAl pan vino y al vino pan /
_cpor Joan Butler ; traducción del inglés por Rosa S. de Naveira.
250 _a[1ª ed.].
260 _aBarcelona :
_bJosé Janés,
_c1957.
300 _a221 p. ;
_c19 cm.
490 1 _aAl monigote de papel
700 1 _aNaveira, Rosa S. de.
_985223
830 0 _aAl monigote de papel
_9181405
852 _aES-MaACL
_jC-13434
_bR.41426
999 _c37349
_d37349